| 000 | 00778nam a2200217Ii 4500 | ||
|---|---|---|---|
| 003 | JO-AjNU | ||
| 008 | 230605s9999||||xx |||||||||||||| ||und|| | ||
| 017 | _a2009/2/698 | ||
| 040 |
_aJO-AjNU _bara _erda _cJO-AjNU |
||
| 041 | _aara | ||
| 050 | 1 | 4 | _aHF 5415 .13.A363.2010 |
| 100 | 3 |
_aاحمد،علي محمد الحاج/سمير خسين عودة, _eauthor _929726 |
|
| 245 | 0 | 0 | _aادارة التسويق |
| 250 | _aط1 | ||
| 264 | 3 | 1 | _aعمان:مكتبة المجتمع العربي للنشر والتوزيع،2010 |
| 300 |
_a241ص _bيحتوي على ببلوغرافية من ص239-241ص |
||
| 336 |
_atext _btxt _2rdacontent |
||
| 337 |
_aunmediated _bn _2rdamedia |
||
| 338 |
_avolume _bnc _2rdacarrier |
||
| 650 | 4 |
_aالتسويق-ادارة مبيعات _929727 |
|
| 999 |
_aA11695 _c15263 _d15263 |
||